<?xml version="1.0" encoding="UTF-8"?>
<record
    xmlns:xsi="http://www.w3.org/2001/XMLSchema-instance"
    xsi:schemaLocation="http://www.loc.gov/MARC21/slim http://www.loc.gov/standards/marcxml/schema/MARC21slim.xsd"
    xmlns="http://www.loc.gov/MARC21/slim">

  <leader>02524nkc a22003377a 4500</leader>
  <controlfield tag="001">85864</controlfield>
  <controlfield tag="005">20260430120538.0</controlfield>
  <controlfield tag="007">kh bo </controlfield>
  <controlfield tag="008">260430s1915    sp ||||| |||| |0| i|spa d</controlfield>
  <datafield tag="040" ind1=" " ind2=" ">
    <subfield code="a">M-RABA</subfield>
    <subfield code="b">spa</subfield>
    <subfield code="c">M-RABA</subfield>
  </datafield>
  <datafield tag="100" ind1="1" ind2=" ">
    <subfield code="a">Roig Villalonga, Juana (</subfield>
    <subfield code="d">1877-1941)</subfield>
    <subfield code="9">42535</subfield>
  </datafield>
  <datafield tag="245" ind1="1" ind2="1">
    <subfield code="a">[Estella, Navarra</subfield>
    <subfield code="b">: Iglesia de Santa Mar&#xED;a de Irache y Palacio de los Duques de Granada de Egea]</subfield>
    <subfield code="c">/ J. Roig</subfield>
    <subfield code="h">[Material gr&#xE1;fico]</subfield>
  </datafield>
  <datafield tag="260" ind1=" " ind2=" ">
    <subfield code="a">: Madrid</subfield>
    <subfield code="b">: J. Roig</subfield>
    <subfield code="c">[ca. 1915]</subfield>
  </datafield>
  <datafield tag="300" ind1=" " ind2=" ">
    <subfield code="a">4 fotograf&#xED;as</subfield>
    <subfield code="b">: aristotipo</subfield>
    <subfield code="c">, imagen 23 x 16,5 cm</subfield>
  </datafield>
  <datafield tag="500" ind1="0" ind2="0">
    <subfield code="a">Conjunto de cuatro fotograf&#xED;as de diferentes monumentos de Estella, en Navarra.</subfield>
  </datafield>
  <datafield tag="500" ind1="0" ind2="0">
    <subfield code="a">Fot-836: Palacio de los duques de Granada de Egea. Hoy c&#xE1;rcel.
Fot-837: Claustro de Santa Mar&#xED;a de Irache.
Fot-838: Iglesia del convento de Santa Mar&#xED;a de Irache.
Fot-839: Puerta del claustro de Santa Mar&#xED;a de Irache.</subfield>
  </datafield>
  <datafield tag="500" ind1="0" ind2="0">
    <subfield code="a">Anotaci&#xF3;n manuscrita a l&#xE1;piz en el reverso de la Fot-836: "reproducido en el libro de Lamperez y Romeam: arquitectura civil (1922). T. I. P 341 (Fig.377)". </subfield>
  </datafield>
  <datafield tag="500" ind1="0" ind2="0">
    <subfield code="a">Sello a tinta al verso de las im&#xE1;genes de la fot&#xF3;grafa J. Roig, encargada del estudio de J. Laurent entre los a&#xF1;os 1915 y 1930.
Fecha de las im&#xE1;genes tomada de los a&#xF1;os en activo de su estudio fotogr&#xE1;fico.</subfield>
  </datafield>
  <datafield tag="500" ind1="0" ind2="0">
    <subfield code="a">Originales conservados en el IPCE en el fondo de Ruiz Vernacci (originales de Laurent):
Fot-836: n&#xBA; inventario VN-01236.
Fot-837: n&#xBA; inventario VN-01130.
Fot-838: n&#xBA; inventario VN-01237.
Fot-839: n&#xBA; inventario VN-01238.</subfield>
  </datafield>
  <datafield tag="610" ind1="2" ind2="7">
    <subfield code="a">Monasterio de Santa Mar&#xED;a la Real (Irache, Espa&#xF1;a)</subfield>
    <subfield code="9">11944</subfield>
  </datafield>
  <datafield tag="651" ind1=" " ind2="7">
    <subfield code="a">Irache (Navarra, Espa&#xF1;a)</subfield>
    <subfield code="9">11945</subfield>
  </datafield>
  <datafield tag="651" ind1=" " ind2="7">
    <subfield code="a">Estella (Navarra, Espa&#xF1;a)</subfield>
    <subfield code="9">11143</subfield>
  </datafield>
  <datafield tag="655" ind1=" " ind2="0">
    <subfield code="a">Fotograf&#xED;as de monumentos</subfield>
    <subfield code="9">111580</subfield>
  </datafield>
  <datafield tag="700" ind1="1" ind2=" ">
    <subfield code="a">Laurent, J. (</subfield>
    <subfield code="d">1816-1886)</subfield>
    <subfield code="9">55737</subfield>
  </datafield>
  <datafield tag="852" ind1=" " ind2=" ">
    <subfield code="j">Fot-836; Fot-837; Fot-838; Fot-839</subfield>
  </datafield>
  <datafield tag="856" ind1=" " ind2=" ">
    <subfield code="u">https://archivoybiblioteca.realacademiabellasartessanfernando.com/cgi-bin/koha/opac-retrieve-file.pl?id=c76aab7bba504827e10d7be52fad588f</subfield>
    <subfield code="y">Fot-836</subfield>
  </datafield>
  <datafield tag="856" ind1=" " ind2=" ">
    <subfield code="u">https://archivoybiblioteca.realacademiabellasartessanfernando.com/cgi-bin/koha/opac-retrieve-file.pl?id=96d1a8c070109bde97dc91fdf80c1145</subfield>
    <subfield code="y">Fot-837</subfield>
  </datafield>
  <datafield tag="856" ind1=" " ind2=" ">
    <subfield code="u">https://archivoybiblioteca.realacademiabellasartessanfernando.com/cgi-bin/koha/opac-retrieve-file.pl?id=6b8ea10c45240753a4779f190f0e079a</subfield>
    <subfield code="y">Fot-838</subfield>
  </datafield>
  <datafield tag="856" ind1=" " ind2=" ">
    <subfield code="u">https://archivoybiblioteca.realacademiabellasartessanfernando.com/cgi-bin/koha/opac-retrieve-file.pl?id=7e983bd7503af0c570fdef82604831c4</subfield>
    <subfield code="y">Fot-839</subfield>
  </datafield>
  <datafield tag="942" ind1=" " ind2=" ">
    <subfield code="c">FOTOGRAF&#xCD;A</subfield>
    <subfield code="n">0</subfield>
  </datafield>
  <datafield tag="952" ind1=" " ind2=" ">
    <subfield code="0">0</subfield>
    <subfield code="1">0</subfield>
    <subfield code="2">ddc</subfield>
    <subfield code="4">0</subfield>
    <subfield code="7">0</subfield>
    <subfield code="8">FOTOGRAFIA</subfield>
    <subfield code="a">RABASF</subfield>
    <subfield code="b">RABASF</subfield>
    <subfield code="c">DP2</subfield>
    <subfield code="d">2026-04-30</subfield>
    <subfield code="l">0</subfield>
    <subfield code="o">Fot-836</subfield>
    <subfield code="p">1097175</subfield>
    <subfield code="r">2026-04-30 12:06:04</subfield>
    <subfield code="w">2026-04-30</subfield>
    <subfield code="y">FOTOGRAF&#xCD;A</subfield>
  </datafield>
  <datafield tag="952" ind1=" " ind2=" ">
    <subfield code="0">0</subfield>
    <subfield code="1">0</subfield>
    <subfield code="2">ddc</subfield>
    <subfield code="4">0</subfield>
    <subfield code="7">0</subfield>
    <subfield code="8">FOTOGRAFIA</subfield>
    <subfield code="a">RABASF</subfield>
    <subfield code="b">RABASF</subfield>
    <subfield code="c">DP2</subfield>
    <subfield code="d">2026-04-30</subfield>
    <subfield code="l">0</subfield>
    <subfield code="o">Fot-837</subfield>
    <subfield code="p">1097176</subfield>
    <subfield code="r">2026-04-30 12:06:04</subfield>
    <subfield code="w">2026-04-30</subfield>
    <subfield code="y">FOTOGRAF&#xCD;A</subfield>
  </datafield>
  <datafield tag="952" ind1=" " ind2=" ">
    <subfield code="0">0</subfield>
    <subfield code="1">0</subfield>
    <subfield code="2">ddc</subfield>
    <subfield code="4">0</subfield>
    <subfield code="7">0</subfield>
    <subfield code="8">FOTOGRAFIA</subfield>
    <subfield code="a">RABASF</subfield>
    <subfield code="b">RABASF</subfield>
    <subfield code="c">DP2</subfield>
    <subfield code="d">2026-04-30</subfield>
    <subfield code="l">0</subfield>
    <subfield code="o">Fot-838</subfield>
    <subfield code="p">1097177</subfield>
    <subfield code="r">2026-04-30 12:06:04</subfield>
    <subfield code="w">2026-04-30</subfield>
    <subfield code="y">FOTOGRAF&#xCD;A</subfield>
  </datafield>
  <datafield tag="952" ind1=" " ind2=" ">
    <subfield code="0">0</subfield>
    <subfield code="1">0</subfield>
    <subfield code="2">ddc</subfield>
    <subfield code="4">0</subfield>
    <subfield code="7">0</subfield>
    <subfield code="8">FOTOGRAFIA</subfield>
    <subfield code="a">RABASF</subfield>
    <subfield code="b">RABASF</subfield>
    <subfield code="c">DP2</subfield>
    <subfield code="d">2026-04-30</subfield>
    <subfield code="l">0</subfield>
    <subfield code="o">Fot-839</subfield>
    <subfield code="p">1097178</subfield>
    <subfield code="r">2026-04-30 12:06:04</subfield>
    <subfield code="w">2026-04-30</subfield>
    <subfield code="y">FOTOGRAF&#xCD;A</subfield>
  </datafield>
  <datafield tag="999" ind1=" " ind2=" ">
    <subfield code="c">85864</subfield>
    <subfield code="d">85864</subfield>
  </datafield>
</record>
